Erotemata Dialecticae Et Rhetoricae Philippi Melanthonis, Et Praeceptionvm Erasmi Roterodami, de vtraque Copia verborum et rerum: iam primum ad vsum Scholarum (quas vocant Triuiales) breuiter selecta et contracta, Per Lvcam Lossivm Lunaeburgensem ediscendi gratia. Libellus ad puerilem institutionem, si quisquam alius, in hoc genere, valde accommodatus et vtilis. Diligenter, nunc postremo, ab ipso autore recognitus, et vtiliter auctus

Bibliographic Details
Main Authors: Loss, Lukas, 1508-1582 (Author), Melanchthon, Philipp, 1497-1560 (Author), Erazmus Rotterdamský, asi 1466-1536 (Author)
Corporate Author: Beyer, Johann (Lipsko, Nemecko) (tlt)
Other Authors: Beyer, Johann 16. stor (tlt), Cnipius, Johannes ml (adv), Stoterogge, Hartwig (adv), Stoterogge, Georg (adv), Egenolff, Christian (adv), P.L.C. 1592 (pss)
Format: Book
Language:Latin
PhysicalDescription:[16], 302 str. 8° 16,5x10 cm
Published: Lipsiae Iohannes Beyer Imprimebat Anno cI). I). xxciiii. [=1584]

MARC

LEADER 00000nam a2200000 a 4500
001 vtls008861875
003 SK-MaSNL
005 20260301051954.0
008 240318s1584 DE 0 lat
035 |a cpl000122644 
040 |a SNK  |b slo  |c SNK  |e AACR2 
041 0 |a lat 
044 |a DE 
100 1 |a Loss, Lukas,  |d 1508-1582  |4 aut  |9 128930 
245 1 0 |a Erotemata Dialecticae Et Rhetoricae  |b Philippi Melanthonis, Et Praeceptionvm Erasmi Roterodami, de vtraque Copia verborum et rerum: iam primum ad vsum Scholarum (quas vocant Triuiales) breuiter selecta et contracta, Per Lvcam Lossivm Lunaeburgensem ediscendi gratia. Libellus ad puerilem institutionem, si quisquam alius, in hoc genere, valde accommodatus et vtilis. Diligenter, nunc postremo, ab ipso autore recognitus, et vtiliter auctus 
260 |a Lipsiae  |b Iohannes Beyer Imprimebat  |c Anno cI). I). xxciiii. [=1584] 
300 |a [16], 302 str.  |c 8°  |c 16,5x10 cm 
500 |a Ded.: Cnipius, Johannes ml.; Stoterogge, Hartwig; Stoterogge, Georg; Egenolff, Christian 
500 |a Vinety, iniciálky s ornamentálnym pozadím vo voľnom priestore na 6, 7 r., rukopisné marginálie, kustódy, rukopisné poznámky v latinčine a maďarčine 
561 |a Proveniencia: supralibros PLC 1592 
563 |a Väzba: bledá koža s ornamentálnou a figurálnou slepotlačou, reštaurovaná 
700 1 |a Melanchthon, Philipp,  |d 1497-1560  |4 aut  |9 42142 
700 0 |a Erazmus Rotterdamský,  |d asi 1466-1536  |4 aut  |9 21683 
700 1 |a Beyer, Johann  |d 16. stor  |4 tlt  |9 126706 
700 1 |a Cnipius, Johannes  |c ml.  |4 adv  |9 191560 
700 1 |a Stoterogge, Hartwig  |4 adv  |9 191561 
700 1 |a Stoterogge, Georg  |4 adv  |9 191562 
700 1 |a Egenolff, Christian  |4 adv  |9 339096 
700 0 |a P.L.C.  |d 1592  |4 pss  |9 360075 
710 0 |a Beyer, Johann (Lipsko, Nemecko),  |d 1573-1596  |4 tlt  |9 360076 
852 |a KIS3GST  |b 004010000  |h P 1427 
958 |a ONDV 
999 |c 604694  |d 606624 
952 |a SNK  |b SNK  |y PREZ  |7 0  |p 17A0646978  |o snkID 98397  |i snk2010/4430  |8 5  |0 0  |1 0  |4 0  |d 2010-03-05  |l 0  |r 2026-02-23 16:05:27  |w 2026-02-23